MARC

LEADER 00000nam0a2200000 4500
001 302982
005 20231102001546.0
020 |a RU  |b 83-38293 
035 |a (RuTPU)RU\TPU\book\328199 
090 |a 302982 
100 |a 20150828d1982 k y0rusy5003 ca 
101 0 |a rus 
102 |a BY 
105 |a a z 001zy 
200 1 |a Оценка и совершенствование эффективности и научно-технического уровня АСУ в машиностроении и приборостроении  |e (сборник научных трудов)  |f Центральный научно-исследовательский и проектно-технологический институт организации и техники управления (ЦНИИТУ) ; под ред. И. А. Кручинина 
210 |a Минск  |c Изд-во ЦНИИТУ  |d 1982 
215 |a 155 с.  |c ил. 
320 |a Библиогр. в конце ст. 
606 1 |a Машиностроение  |x Автоматизация  |2 stltpush  |3 (RuTPU)RU\TPU\subj\41421  |9 61213 
606 1 |a Приборостроительные заводы  |x Управление  |x Автоматизация  |x Системные методы  |2 stltpush  |3 (RuTPU)RU\TPU\subj\51583  |9 70156 
610 1 |a машиностроительные заводы - Управление - Автоматизация 
610 1 |a управление 
610 1 |a автоматизированные системы планирования и управления предприятием 
610 1 |a АСУ 
610 1 |a экономическая эффективность 
610 1 |a оценка 
610 1 |a технический уровень 
675 |a 621.002:658.5.011.56  |z rus  |v 3 
675 |a 681.2.002:658  |z rus  |v 3 
702 1 |a Кручинин  |b И. А.  |g Игорь Анатольевич  |4 340 
712 0 2 |a Центральный научно-исследовательский и проектно-технологический институт организации и техники управления (ЦНИИТУ)  |c (Минск)  |2 stltpush  |3 (RuTPU)RU\TPU\col\21031 
801 0 |a RU  |b RuMRKP  |c 19950704  |g psbo 
801 1 |a RU  |b 63413507  |c 20150828 
801 2 |a RU  |b 63413507  |c 20190704  |g RCR 
942 |c BK